| 000 | 02489nam a22002657a 4500 | ||
|---|---|---|---|
| 003 | GR-AtMCL | ||
| 005 | 20260129095833.0 | ||
| 006 | a|||||r||||||||||| | ||
| 008 | t20122011gr |||g ||| 000 1 gre d | ||
| 020 | _a9789601644424 | ||
| 040 |
_aGR-AtMCL _bgre _dGR-AtMCL _eAACR2 |
||
| 041 | 1 | _htur | |
| 100 |
_aLivaneli, Zülfü _910316 |
||
| 245 | 1 | 0 |
_aΣερενάτα : _bμυθιστόρημα / _cΖουλφί Λιβανελί ; μετάφραση από τα τουρκικά Θάνος Ζαράγκαλης |
| 260 |
_aΑθήνα : _bΕκδόσεις Πατάκη, _c2012 |
||
| 300 |
_a511 σ. ; _c21 εκ. |
||
| 490 | 1 |
_aΞένη λογοτεχνία (Εκδόσεις Πατάκη). Σύγχρονη ξένη λογοτεχνία ; _v274 |
|
| 500 | _aΤίτλος πρωτοτύπου: Serenad | ||
| 520 | _aΌλα ξεκινούν μια κρύα ημέρα του Φεβρουαρίου του 2001, όταν η Μάγια Ντουράν, τριάντα έξι ετών, υπεύθυνη δημοσίων σχέσεων του Πανεπιστημίου της Ιστανμπούλ, υποδέχεται στο αεροδρόμιο της πόλης τον γερμανικής καταγωγής Αμερικανό καθηγητή Μαξιμίλιαν Βάγκνερ, ετών ογδόντα επτά. Εκτελώντας την επιθυμία του καθηγητή, ο οποίος δίδαξε στο ίδιο Πανεπιστήμιο τη δεκαετία του '30, η Μάγια τον οδηγεί σε μια παραλιακή κωμόπολη έξω από την Κωνσταντινούπολη. Εκεί όπου το 1941 ένα καράβι γεμάτο Εβραίους βυθίστηκε από τους Ρώσους στα παγωμένα νερά της Μαύρης Θάλασσας... Εκεί που θα αρχίσει τώρα να ξετυλίγεται το νήμα μιας μοναδικής ιστορίας αγάπης στη δίνη μιας μεγάλης τραγωδίας της ιστορίας του 20ού αιώνα. Και η Μάγια θα γίνει για πρώτη φορά κοινωνός μυστικών που αφορούν την ίδια της την οικογένεια... | ||
| 653 | _aΛογοτεχνία | ||
| 700 |
_aΖαράγκαλης, Θάνος _910317 |
||
| 830 | 0 |
_aΣύγχρονη ξένη λογοτεχνία (Εκδόσεις Πατάκη) _v274 |
|
| 942 | _cBK | ||
| 999 |
_c10094 _d10094 |
||